000 01833 a2200241 4500
003 Nust
005 20170207154032.0
010 _a 2001096976
020 _a0782140173
040 _cNust
082 _a005.133
100 1 _aBoggs, Wendy.
245 1 0 _aMastering UML with Rational Rose 2002 -(E-BOOK)
_cWendy Boggs, Michael Boggs.
260 _aSan Francisco :
_bSybex,
_cc2002.
300 _axxiii, 677 p. :
_bill. ;
_c23 cm +
_e1 CD-ROM (4 3/4 in.)
500 _aIncludes index.
505 _aIntroduction to UML (Page-4) A Tour of Rose (Page-27) Business Modeling (Page-61) Use Cases and Actors (Page-108) Object Interaction (Page-159) Object Interaction (Page-162) Classes and Packages (Page-201) Classes and Packages (Page-209) Attributes and Operations (Page-251) Attributes and Operations (Page-282) Relationships (Page-301) Relationships (Page-340) Object Behavior (Page-341) Component View (Page-360) Deployment View (Page-381) Introduction to Code Generation and Reverse Engineering Using Rational Rose (Page-401) Introduction to Code Generation and Reverse Engineering Using Rational Rose (Page-410) ANSI C++ and Visual C++ Code Generation and Reverse Engineering (Page-417) Java Code Generation and Reverse Engineering (Page-447) Java Code Generation and Reverse Engineering (Page-471) Visual Basic Code Generation and Reverse Engineering (Page-493) XML DTD Code Generation and Reverse Engineering (Page-541) XML DTD Code Generation and Reverse Engineering (Page-547) CORBA/IDL Code Generation and Reverse Engineering (Page-567) Rose Data Modeler (Page-610) Web Modeling (Page-657)
650 0 _aComputer software
_xDevelopment.
650 0 _aUML (Computer science)
651 _xE-BOOK
700 1 _aBoggs, Michael.
856 4 2 _3Publisher description
_uhttp://www.loc.gov/catdir/enhancements/fy0611/2001096976-d.html
942 _2ddc
_cBK
999 _c192228
_d192228